Organizational Aspects of the Reform of the Tax Administration in the Slovak Republic
Legislatívne zmeny v daňovej kontrole. Zhodnotenie činnosti Najvyššieho kontrolného úradu SR v posledných troch rokoch.
Gespeichert in:
| 1. Verfasser: | |
|---|---|
| Format: | Buchkapitel |
| Sprache: | Englisch |
| Schlagworte: | |
| Tags: |
Keine Tags, Fügen Sie das erste Tag hinzu!
|
MARC
| LEADER | 00000naa a2200000 4500 | ||
|---|---|---|---|
| 001 | 0262014 | ||
| 005 | 20200131141030.7 | ||
| 041 | 0 | |a eng | |
| 044 | |a US | ||
| 245 | 1 | 0 | |a Organizational Aspects of the Reform of the Tax Administration in the Slovak Republic |c Vlastimil Vicen |
| 520 | |a Legislatívne zmeny v daňovej kontrole. Zhodnotenie činnosti Najvyššieho kontrolného úradu SR v posledných troch rokoch. | ||
| 610 | 2 | 0 | |a kontrola finančná |
| 610 | 2 | 0 | |a audit |
| 610 | 2 | 0 | |a správa štátna |
| 610 | 2 | 0 | |a podvody daňové |
| 610 | 2 | 0 | |a Slovensko |
| 100 | 1 | |a Vicen, Vlastimil | |